Kozier & Erb's fundamentals of nursing: (Record no. 96037)
[ view plain ]
| 000 -LEADER | |
|---|---|
| fixed length control field | 00930nam a22002297a 4500 |
| 005 - DATE AND TIME OF LATEST TRANSACTION | |
| control field | 20170713110829.0 |
| 010 ## - LCCN (DPL NO) | |
| LC control number | 1516EN07 |
| 020 ## - INTERNATIONAL STANDARD BOOK NUMBER | |
| International Standard Book Number | 9789332519060 |
| Terms of availability | 2050.00 |
| 035 ## - SYSTEM CONTROL NUMBER | |
| System control number | B-668020 |
| 037 ## - SOURCE OF ACQUISITION | |
| Stock number | DPL |
| Source of stock number/acquisition | Techniz/Ven |
| 082 ## - DEWEY DECIMAL CLASSIFICATION NUMBER | |
| Classification number | 610.73 |
| 100 ## - MAIN ENTRY--PERSONAL NAME | |
| Personal name | Berman, Audrey |
| 245 ## - TITLE STATEMENT | |
| Title | Kozier & Erb's fundamentals of nursing: |
| Statement of responsibility, etc | by Audrey Berman [and] Shirlee Snyder |
| Remainder of title | concepts,process,and practice / |
| 250 ## - EDITION STATEMENT | |
| Edition statement | 9th ed |
| 260 ## - PUBLICATION, DISTRIBUTION, ETC. (IMPRINT) | |
| Place of publication, distribution, etc | New Delhi |
| Name of publisher, distributor, etc | Pearson Education |
| Date of publication, distribution, etc | 2014 |
| 270 ## - ADDRESS | |
| Address | 11 community center, panchsheel park |
| City | New Delhi |
| Postal code | 110017 |
| 300 ## - PHYSICAL DESCRIPTION | |
| Extent | 1659p. |
| Dimensions | 28cm(pbk) |
| Other physical details | ill. |
| 700 ## - ADDED ENTRY--PERSONAL NAME | |
| Personal name | Shirlee Snyder |
| 942 ## - ADDED ENTRY ELEMENTS (KOHA) | |
| Source of classification or shelving scheme | Dewey Decimal Classification |
| Item type | English Books |
| Classification part | 610.73 |
| Call number suffix | BER |
| Withdrawn status | Lost status | Not for loan | Collection code | Home library | Current library | Date acquired | Source of acquisition | Cost, normal purchase price | Full call number | Barcode | Copy number | Cost, replacement price | Koha item type |
|---|---|---|---|---|---|---|---|---|---|---|---|---|---|
| Non-fiction | Ashok Vihar | Ashok Vihar | 13/07/2017 | BPPD/EN/2015-16/AV/16-17/407/15.2.2017/17434/24.2.2017/ 18.3.2017 | 2050.00 | 610.73 BER | B-668020 | 1 | 2050.00 | English Books |
